[Event "Mazowiec-chT 1718"]
[Site "Warsaw"]
[Date "2018.02.18"]
[Round "8.9"]
[White "Fedorczyk, Krzysztof"]
[Black "Kaczmarska, Joanna"]
[Result "0-1"]
[WhiteElo "1786"]
[BlackElo "2037"]
[PlyCount "62"]
[EventDate "2017.12.03"]
[EventType "team-tourn"]
[EventRounds "10"]
[EventCountry "POL"]
[SourceTitle "EXT 2020"]
[Source "ChessBase"]
[SourceDate "2019.10.17"]
[SourceVersion "1"]
[SourceVersionDate "2019.10.17"]
[SourceQuality "1"]

1. e4 e6 2. d4 d5 3. Nc3 Bb4 4. e5 c5 5. a3 Bxc3+ 6. bxc3 Ne7 7. Nf3 Qc7 8. Be2 b6 9. 0-0 Ba6 10. a4 Bxe2 11. Qxe2 0-0 12. Ba3 Nd7 13. Rfe1 Nc6 14. c4 Rfe8 15. c3 dxc4 16. Qxc4 Na5 17. Qe2 Rac8 18. h3 Red8 19. Qe4 h6 20. g4 Qc6 21. Qe2 cxd4 22. cxd4 Nb3 23. Ra2 Qd5 24. g5 Rc3 25. Nh2 Nxd4 26. Qe4 Qxa2 27. gxh6 Qxa3 28. hxg7 Nf5 29. Ng4 Rxh3 30. Nf6+ Nxf6 31. exf6 Rh4 0-1

[Event "Mazowiec-chT 1718"]
[Site "Warsaw"]
[Date "2018.02.18"]
[Round "7.10"]
[White "Fedorczyk, Krzysztof"]
[Black "Kosiorek, Przemyslaw"]
[Result "0-1"]
[WhiteElo "1786"]
[BlackElo "1970"]
[PlyCount "74"]
[EventDate "2017.12.03"]
[EventType "team-tourn"]
[EventRounds "10"]
[EventCountry "POL"]
[SourceTitle "EXT 2020"]
[Source "ChessBase"]
[SourceDate "2019.10.17"]
[SourceVersion "1"]
[SourceVersionDate "2019.10.17"]
[SourceQuality "1"]

1. e4 c5 2. Nf3 d6 3. d4 cxd4 4. Nxd4 Nf6 5. Nc3 a6 6. Bg5 Nbd7 7. Qd2 b5 8. f3 Bb7 9. 0-0-0 e6 10. h4 Be7 11. g4 Qa5 12. Nb3 Qc7 13. Bf4 Ne5 14. Bxe5 dxe5 15. Qe3 Rc8 16. Bd3 0-0 17. Kb1 Nd7 18. Rh2 Nb6 19. Qg1 Nc4 20. g5 Nxb2 21. Ne2 Nxd3 22. cxd3 Qc2+ 23. Ka1 Ba3 24. Rb1 Qxd3 25. Na5 Rc2 26. Rb3 Bb2+ 27. Rxb2 Rxb2 28. Kxb2 Qd2+ 29. Kb1 Qxa5 30. Nc1 Rc8 31. Qd1 b4 32. Rd2 Bc6 33. Nb3 Qb6 34. Rc2 Rd8 35. Rd2 Rxd2 36. Qxd2 g6 37. Qd6 Bxe4+ 0-1

[Event "Mazowiec-chT 1617"]
[Site "Warsaw"]
[Date "2017.01.29"]
[Round "7.13"]
[White "Szwaj, Jacek"]
[Black "Fedorczyk, Krzysztof"]
[Result "1-0"]
[WhiteElo "1894"]
[BlackElo "1774"]
[PlyCount "77"]
[EventDate "2016.12.11"]
[EventType "team-tourn"]
[EventRounds "10"]
[EventCountry "POL"]
[SourceTitle "EXT 2019"]
[Source "ChessBase"]
[SourceDate "2018.10.10"]
[SourceVersion "1"]
[SourceVersionDate "2018.10.10"]
[SourceQuality "1"]

1. e4 e5 2. Nf3 Nc6 3. Bb5 a6 4. Ba4 Nf6 5. 0-0 b5 6. Bb3 Be7 7. Re1 d6 8. c3 Na5 9. Bc2 c5 10. d4 Qc7 11. Nbd2 0-0 12. h3 Bd7 13. d5 c4 14. Nf1 Nb7 15. N3h2 Rae8 16. g4 Bc8 17. Ng3 Bd8 18. h4 Nc5 19. g5 Nfd7 20. h5 f6 21. g6 h6 22. Ng4 Nb6 23. Bxh6 f5 24. exf5 gxh6 25. Nxh6+ Kh8 26. Ng4 e4 27. h6 Rxf5 28. Nxf5 Bxf5 29. Qd4+ Re5 30. f4 Bxg4 31. fxe5 dxe5 32. d6 exd4 33. dxc7 Bg5 34. cxd4 Ne6 35. Rxe4 Bxh6 36. Rxg4 Nxc7 37. Kf2 Kg7 38. Rh1 Ne6 39. Re4 1-0

[Event "Mazowiec-chT 1617"]
[Site "Warsaw"]
[Date "2016.12.11"]
[Round "2.7"]
[White "Czapla, Andrzej"]
[Black "Fedorczyk, Krzysztof"]
[Result "1-0"]
[WhiteElo "1941"]
[BlackElo "1774"]
[PlyCount "150"]
[EventDate "2016.12.11"]
[EventType "team-tourn"]
[EventRounds "10"]
[EventCountry "POL"]
[SourceTitle "EXT 2019"]
[Source "ChessBase"]
[SourceDate "2018.10.10"]
[SourceVersion "1"]
[SourceVersionDate "2018.10.10"]
[SourceQuality "1"]

1. Nf3 d5 2. c4 e6 3. d4 Nf6 4. Nc3 Nbd7 5. Bg5 Be7 6. e3 0-0 7. Rc1 Re8 8. cxd5 exd5 9. Bd3 c6 10. 0-0 Ne4 11. Bxe7 Qxe7 12. Qc2 Ndf6 13. Ne5 Bf5 14. Rce1 Bg6 15. Nxg6 hxg6 16. f3 Ng5 17. a3 Rad8 18. Qa4 a6 19. Qc2 Qd6 20. Na4 Re7 21. Re2 Rde8 22. Rfe1 Nd7 23. b4 b5 24. Nc5 Nxc5 25. Qxc5 Qxc5 26. dxc5 Ne6 27. Kf2 a5 28. g3 a4 29. Bc2 Kf8 30. Bb1 Ng5 31. h4 Ne6 32. f4 f5 33. g4 Kf7 34. gxf5 gxf5 35. Bxf5 Rh8 36. Kg3 g6 37. Bg4 Ng7 38. e4 dxe4 39. Rxe4 Rxe4 40. Rxe4 Rd8 41. Re3 Kf6 42. Kf3 Nf5 43. Bxf5 Kxf5 44. Re5+ Kf6 45. Re3 Kf5 46. Kg3 Rd4 47. Re5+ Kf6 48. Kf3 Rd3+ 49. Re3 Rd4 50. Kg4 Rd1 51. Rg3 Rd4 52. Rh3 Rd1 53. Rf3 Rd4 54. Rg3 Rd1 55. h5 gxh5+ 56. Kxh5 Kf5 57. Kh6 Ra1 58. Kg7 Kxf4 59. Rh3 Ke5 60. Kf7 Rd1 61. Ke7 Ke4 62. Rh6 Ra1 63. Kd7 Rxa3 64. Kxc6 Rc3 65. Kxb5 a3 66. Rh2 Kd5 67. Rd2+ Ke5 68. Ka4 Ke6 69. Ra2 Kd7 70. Rxa3 Rc1 71. Kb5 Kc7 72. Ra7+ Kb8 73. Rh7 Rb1 74. Ka5 Rc1 75. Kb6 Kc8 1-0

[Event "Mazowiec-chT 1617"]
[Site "Warsaw"]
[Date "2016.12.11"]
[Round "1.17"]
[White "Fedorczyk, Krzysztof"]
[Black "Suliborski, Jakub"]
[Result "0-1"]
[WhiteElo "1774"]
[BlackElo "2089"]
[PlyCount "62"]
[EventDate "2016.12.11"]
[EventType "team-tourn"]
[EventRounds "10"]
[EventCountry "POL"]
[SourceTitle "EXT 2019"]
[Source "ChessBase"]
[SourceDate "2018.10.10"]
[SourceVersion "1"]
[SourceVersionDate "2018.10.10"]
[SourceQuality "1"]

1. e4 e6 2. d4 d5 3. exd5 exd5 4. Bd3 Bd6 5. Ne2 Nf6 6. 0-0 0-0 7. Bg5 Bxh2+ 8. Kh1 Bd6 9. c3 Be7 10. Nd2 Ng4 11. Bf4 Bd6 12. Nf3 Re8 13. Bg5 f6 14. Bh4 Nd7 15. Qb3 c6 16. c4 dxc4 17. Qxc4+ Kh8 18. Bg3 Bxg3 19. Nxg3 Nf8 20. Bc2 Be6 21. Qd3 Qc7 22. a3 Nxf2+ 23. Rxf2 Qxg3 24. Re2 Bd5 25. Rae1 Bxf3 26. gxf3 Qxe1+ 27. Rxe1 Rxe1+ 28. Kg2 Rae8 29. Qb3 R1e7 30. d5 cxd5 31. Qxd5 Re2+ 0-1

[Event "Mazowiec-chT 1516"]
[Site "Poland"]
[Date "2016.02.21"]
[Round "7.17"]
[White "Pacan Milej, Kosma"]
[Black "Fedorczyk, Krzysztof"]
[Result "1/2-1/2"]
[WhiteElo "1963"]
[BlackElo "1750"]
[PlyCount "35"]
[EventDate "2015.12.13"]
[EventType "team-tourn"]
[EventRounds "7"]
[EventCountry "POL"]
[SourceTitle "EXT 2019"]
[Source "ChessBase"]
[SourceDate "2018.10.10"]
[SourceVersion "1"]
[SourceVersionDate "2018.10.10"]
[SourceQuality "1"]
[WhiteTeam "Warszawa Polonia"]
[BlackTeam "Warszawa Entropia"]
[WhiteTeamCountry "POL"]
[BlackTeamCountry "POL"]

1. d4 d5 2. c4 e6 3. Nc3 Nf6 4. cxd5 exd5 5. Bg5 Be7 6. e3 c6 7. Bd3 0-0 8. Qc2 Nbd7 9. Nf3 Re8 10. 0-0 g6 11. h3 Ne4 12. Bf4 f5 13. Rad1 Bd6 14. Bxd6 Nxd6 15. Ne2 Qf6 16. Nd2 Nb6 17. Qc1 Kg7 18. Nb3 1/2-1/2

[Event "Mazowiec-chT 1516"]
[Site "Poland"]
[Date "2016.01.24"]
[Round "5.3"]
[White "Fedorczyk, Krzysztof"]
[Black "Szymczak, Rafal"]
[Result "0-1"]
[WhiteElo "1750"]
[BlackElo "2037"]
[PlyCount "102"]
[EventDate "2015.12.13"]
[EventType "team-tourn"]
[EventRounds "7"]
[EventCountry "POL"]
[SourceTitle "EXT 2019"]
[Source "ChessBase"]
[SourceDate "2018.10.10"]
[SourceVersion "1"]
[SourceVersionDate "2018.10.10"]
[SourceQuality "1"]
[WhiteTeam "Warszawa Entropia"]
[BlackTeam "Skoczek Trojanski"]
[WhiteTeamCountry "POL"]
[BlackTeamCountry "POL"]

1. e4 c6 2. d4 d5 3. Nc3 dxe4 4. Nxe4 Bf5 5. Ng3 Bg6 6. f4 e6 7. Nf3 Nd7 8. Bd3 Bxd3 9. Qxd3 g6 10. 0-0 Bg7 11. Ne4 Ndf6 12. Nc5 b6 13. Nb3 Ne7 14. Ne5 h5 15. Qf3 Qd5 16. Qh3 Rc8 17. Bd2 0-0 18. Bb4 Rfe8 19. c4 Qd8 20. Qf3 Qc7 21. Rac1 a5 22. Bc3 a4 23. Nd2 Red8 24. Ne4 Nxe4 25. Qxe4 c5 26. dxc5 Qxc5+ 27. Kh1 Nf5 28. Rfe1 Nd6 29. Qc2 Nf5 30. Qxa4 Qf2 31. Rf1 Qh4 32. Be1 Qe7 33. Bb4 Qh4 34. Be1 Qe7 35. Qb5 Qb7 36. Bf2 Rd2 37. Qxb6 Qxb6 38. Bxb6 Rxb2 39. c5 Ne3 40. Rg1 Rxa2 41. g3 Bxe5 42. fxe5 Ng4 43. Rgf1 Nxh2 44. Rf4 g5 45. Rf6 Ng4 46. Rf3 Nxe5 47. Rb3 g4 48. Rbc3 Rc6 49. Bd8 Nf3 50. R3c2 Rxc5 51. Rxc5 Rh2# 0-1

[Event "Warsaw Najdorf Memorial op-B 11th"]
[Site "Warsaw"]
[Date "2013.08.12"]
[Round "9"]
[White "Fedorczyk, Krzysztof"]
[Black "Grzenkowicz, Lukasz"]
[Result "1-0"]
[WhiteElo "1712"]
[BlackElo "1603"]
[PlyCount "87"]
[EventDate "2013.08.05"]
[EventType "swiss"]
[EventRounds "9"]
[EventCountry "POL"]
[SourceTitle "CBM 155 Extra"]
[Source "ChessBase"]
[SourceDate "2013.08.26"]
[SourceVersion "1"]
[SourceVersionDate "2013.08.26"]
[SourceQuality "1"]

1. Nf3 Nf6 2. c4 d5 3. cxd5 Nxd5 4. Nc3 Nxc3 5. bxc3 g6 6. g3 Bg7 7. Bg2 0-0 8. 0-0 e5 9. Bb2 c6 10. d3 Be6 11. Nd2 Qd7 12. c4 Na6 13. Rb1 Rfd8 14. f4 exf4 15. Bxg7 Kxg7 16. Rxf4 Rab8 17. Qb3 f5 18. Nf3 h6 19. Qc3+ Kh7 20. Qa3 Qd6 21. Qxd6 Rxd6 22. Rd4 Rxd4 23. Nxd4 Bd7 24. Kf2 Kg7 25. a3 Kf6 26. e3 Ke5 27. Nf3+ Kd6 28. d4 b5 29. c5+ Kc7 30. Ne5 Be8 31. Bf1 Kd8 32. g4 fxg4 33. Nxg4 h5 34. Ne5 Nc7 35. e4 Ne6 36. Ke3 a5 37. Bh3 Ng5 38. Bg2 Ne6 39. Nd3 Bf7 40. d5 cxd5 41. exd5 Nc7 42. Kd4 Na6 43. Ne5 Be8 44. d6 1-0

[Event "Warsaw Najdorf Memorial op-B 11th"]
[Site "Warsaw"]
[Date "2013.08.12"]
[Round "8"]
[White "Moscicka, Pola"]
[Black "Fedorczyk, Krzysztof"]
[Result "0-1"]
[WhiteElo "1487"]
[BlackElo "1712"]
[PlyCount "70"]
[EventDate "2013.08.05"]
[EventType "swiss"]
[EventRounds "9"]
[EventCountry "POL"]
[SourceTitle "CBM 155 Extra"]
[Source "ChessBase"]
[SourceDate "2013.08.26"]
[SourceVersion "1"]
[SourceVersionDate "2013.08.26"]
[SourceQuality "1"]

1. d4 Nf6 2. c4 g6 3. Nf3 Bg7 4. Nc3 0-0 5. e4 d6 6. Be3 e5 7. d5 Ng4 8. Bd2 f5 9. Bd3 Na6 10. 0-0 Nc5 11. Bc2 Nf6 12. exf5 gxf5 13. Qc1 Kh8 14. Bh6 Rg8 15. Bxg7+ Rxg7 16. Nh4 Nfe4 17. Nxe4 Nxe4 18. Nf3 Qf6 19. Qe1 Ng5 20. Nd2 f4 21. Kh1 f3 22. g3 Bh3 23. Rg1 Bg2+ 24. Rxg2 fxg2+ 25. Kxg2 Rf8 26. Qe2 Rgf7 27. Rf1 Qh6 28. Qg4 Rg7 29. Qe2 Qh3+ 30. Kg1 Rgf7 31. b3 Rf6 32. Re1 Rxf2 33. Qxf2 Rxf2 34. Kxf2 Qxh2+ 35. Kf1 Qxd2 0-1

[Event "Warsaw Najdorf Memorial op-B 11th"]
[Site "Warsaw"]
[Date "2013.08.07"]
[Round "3"]
[White "Pastuszko, Kinga"]
[Black "Fedorczyk, Krzysztof"]
[Result "1-0"]
[WhiteElo "1851"]
[BlackElo "1712"]
[PlyCount "47"]
[EventDate "2013.08.05"]
[EventType "swiss"]
[EventRounds "9"]
[EventCountry "POL"]
[SourceTitle "CBM 155 Extra"]
[Source "ChessBase"]
[SourceDate "2013.08.26"]
[SourceVersion "1"]
[SourceVersionDate "2013.08.26"]
[SourceQuality "1"]

1. e4 e5 2. Nf3 Nc6 3. Bc4 Bc5 4. c3 Nf6 5. d4 exd4 6. e5 d5 7. Bb5 Ne4 8. cxd4 Bb4+ 9. Bd2 Nxd2 10. Nbxd2 Bd7 11. Bxc6 Bxc6 12. 0-0 0-0 13. Qb3 Be7 14. Ne1 f6 15. Nd3 b6 16. f4 fxe5 17. Nxe5 Bb7 18. Rac1 Bd6 19. Ne4 Bxe5 20. dxe5 Kh8 21. Ng5 Qe7 22. Qh3 g6 23. Nxh7 Bc8 24. Nxf8+ 1-0

[Event "Warsaw Najdorf Memorial op-B"]
[Site "Warsaw"]
[Date "2011.07.16"]
[Round "4"]
[White "Fedorczyk, Krzysztof"]
[Black "Pastuszko, Kinga"]
[Result "1/2-1/2"]
[WhiteElo "1636"]
[BlackElo "1895"]
[PlyCount "83"]
[EventDate "2011.07.14"]
[EventType "swiss"]
[EventRounds "9"]
[EventCountry "POL"]
[SourceTitle "EXT 2012"]
[Source "ChessBase"]
[SourceDate "2011.11.24"]
[SourceVersion "1"]
[SourceVersionDate "2011.11.24"]
[SourceQuality "1"]

1. e4 d5 2. exd5 Qxd5 3. Nc3 Qa5 4. d4 Nf6 5. Nf3 Nc6 6. Bd2 Bg4 7. Nb5 Qb6 8. c4 Bxf3 9. Qxf3 Nxd4 10. Nxd4 Qxd4 11. Qxb7 Qe4+ 12. Qxe4 Nxe4 13. Be3 e6 14. g3 0-0-0 15. Bg2 Nd6 16. 0-0-0 Be7 17. Bxa7 Nxc4 18. Bd4 Rhg8 19. Bc3 g6 20. a4 Bc5 21. b3 Nb6 22. Kb2 Nd5 23. Bd4 Bb4 24. Be5 c5 25. Rc1 Kb7 26. Rc2 Kb6 27. Rhc1 Rd7 28. Bxd5 Rxd5 29. Bc3 Bxc3+ 30. Rxc3 Rd2+ 31. R1c2 Rxc2+ 32. Kxc2 Rd8 33. Rd3 Rd5 34. Kc3 Kc6 35. Rf3 f5 36. b4 cxb4+ 37. Kxb4 e5 38. Rc3+ Kb6 39. Rc2 Rd4+ 40. Kb3 Rd3+ 41. Kb4 Rd4+ 42. Kb3 1/2-1/2

[Event "Chylice Fidelice Cup"]
[Site "Chylice"]
[Date "2009.10.11"]
[Round "4.8"]
[White "Fedorczyk, Krzysztof"]
[Black "Krawiecki, Stanislaw"]
[Result "1-0"]
[WhiteElo "1612"]
[BlackElo "1388"]
[PlyCount "77"]
[EventDate "2009.10.09"]
[EventType "swiss"]
[EventRounds "5"]
[EventCountry "POL"]
[SourceTitle "EXT 2023"]
[Source "ChessBase"]
[SourceDate "2022.10.05"]
[SourceVersion "1"]
[SourceVersionDate "2022.10.05"]
[SourceQuality "1"]

1. e4 e5 2. Nf3 Nc6 3. Bb5 a6 4. Ba4 b5 5. Bb3 Bc5 6. c3 d6 7. d4 exd4 8. cxd4 Bb4+ 9. Bd2 Bxd2+ 10. Nbxd2 Nge7 11. 0-0 0-0 12. h3 Ng6 13. Qc2 Bd7 14. a3 Nce7 15. a4 bxa4 16. Bxa4 Bxa4 17. Rxa4 Ra7 18. Rfa1 Qa8 19. b3 Qb7 20. Nc4 Rfa8 21. Na5 Qc8 22. d5 Nf8 23. Nd4 Nfg6 24. Ndc6 Nxc6 25. Nxc6 Rb7 26. Rxa6 Rxa6 27. Rxa6 h6 28. Qa2 Qd7 29. Ra8+ Kh7 30. Rd8 Qxd8 31. Nxd8 Rb4 32. f3 Ne5 33. Nc6 Nxc6 34. dxc6 Rb6 35. Qa4 Kg6 36. b4 Kf6 37. b5 Ke5 38. Qa6 Ke6 39. Qb7 1-0

[Event "Chylice Fidelice Cup"]
[Site "Chylice"]
[Date "2009.10.10"]
[Round "2.7"]
[White "Fedorczyk, Krzysztof"]
[Black "Kazmierczak, Ewa"]
[Result "1-0"]
[WhiteElo "1612"]
[BlackElo "1457"]
[PlyCount "55"]
[EventDate "2009.10.09"]
[EventType "swiss"]
[EventRounds "5"]
[EventCountry "POL"]
[SourceTitle "EXT 2023"]
[Source "ChessBase"]
[SourceDate "2022.10.05"]
[SourceVersion "1"]
[SourceVersionDate "2022.10.05"]
[SourceQuality "1"]

1. e4 e5 2. Nf3 Nc6 3. Bb5 a6 4. Ba4 Nf6 5. 0-0 Be7 6. Bxc6 bxc6 7. Nxe5 Bb7 8. Nc3 0-0 9. Re1 d6 10. Ng4 Qd7 11. Ne3 d5 12. exd5 cxd5 13. d4 c6 14. Qd3 Bc8 15. Na4 Qc7 16. Nf5 Bxf5 17. Qxf5 Bd6 18. h3 Qa5 19. Nc3 Ne4 20. Rxe4 g6 21. Qf6 Qd8 22. Qxd8 Rfxd8 23. Re2 f6 24. Bd2 Rab8 25. Na4 Kf7 26. b3 Re8 27. Rae1 Re4 28. Rxe4 1-0

[Event "Zlota Wieze 50"]
[Site "Pultusk"]
[Date "2008.07.05"]
[Round "9.2"]
[White "Fedorczyk, Krzysztof"]
[Black "Jedrzejewski, Kamil"]
[Result "1/2-1/2"]
[WhiteElo "1619"]
[BlackElo "1956"]
[PlyCount "74"]
[EventDate "2008.06.30"]
[EventType "team"]
[EventRounds "9"]
[EventCountry "POL"]
[SourceTitle "EXT 2020"]
[Source "ChessBase"]
[SourceDate "2019.10.17"]
[SourceVersion "1"]
[SourceVersionDate "2019.10.17"]
[SourceQuality "1"]

1. e4 c5 2. Nf3 Nc6 3. Bb5 e6 4. 0-0 a6 5. Bxc6 bxc6 6. b3 d5 7. exd5 cxd5 8. d4 cxd4 9. Qxd4 Be7 10. Bf4 Bf6 11. Be5 Bxe5 12. Qxe5 Nf6 13. Nbd2 0-0 14. c4 dxc4 15. Nxc4 Bb7 16. Rad1 Qe7 17. Rd3 Be4 18. Re3 Bg6 19. h3 Rad8 20. Rc3 Rd5 21. Qf4 h6 22. Ne3 Rb5 23. Qa4 Ne4 24. Rc4 Nc5 25. Qa3 Bd3 26. Rfc1 Bxc4 27. Rxc4 e5 28. Nd5 Qd6 29. Nc3 e4 30. Nd4 e3 31. fxe3 Qg3 32. Ndxb5 Qxe3+ 33. Kh2 Qe5+ 34. Kg1 Qe3+ 35. Kh2 Qe5+ 36. Kg1 Qe1+ 37. Kh2 Qe5+ 1/2-1/2

[Event "Zlota Wieze 50"]
[Site "Pultusk"]
[Date "2008.07.04"]
[Round "8.4"]
[White "Fedorczyk, Krzysztof"]
[Black "Galaszewski, Patryk"]
[Result "1-0"]
[WhiteElo "1619"]
[BlackElo "1734"]
[PlyCount "157"]
[EventDate "2008.06.30"]
[EventType "team"]
[EventRounds "9"]
[EventCountry "POL"]
[SourceTitle "EXT 2020"]
[Source "ChessBase"]
[SourceDate "2019.10.17"]
[SourceVersion "1"]
[SourceVersionDate "2019.10.17"]
[SourceQuality "1"]

1. e4 g6 2. d4 d6 3. f4 c6 4. Bd3 Bg7 5. Nf3 Bg4 6. c3 e5 7. Be2 Nd7 8. h3 Bxf3 9. Bxf3 Qb6 10. dxe5 dxe5 11. Qe2 Bh6 12. Be3 c5 13. g3 Ne7 14. 0-0 0-0-0 15. b3 f5 16. Nd2 exf4 17. Bxf4 Bxf4 18. gxf4 fxe4 19. Qxe4 Nf5 20. Nc4 Qc7 21. Bg2 Ng3 22. Nd6+ Kb8 23. Qxb7+ Qxb7 24. Nxb7 Nxf1 25. Nxd8 Ne3 26. Nc6+ Kc7 27. Na5 Kb6 28. Kf2 Nxg2 29. Nc4+ Kc6 30. Kxg2 Nf6 31. Ne3 Rd8 32. Rd1 Re8 33. Kf3 Nh5 34. Nd5 Rf8 35. Kg4 Re8 36. Kf3 a5 37. a4 Rb8 38. Ne7+ Kc7 39. Nd5+ Kc6 40. Ne7+ Kc7 41. Nd5+ Kb7 42. c4 Kc6 43. Rd3 Ng7 44. Ne3 Ne6 45. Nd5 Nd4+ 46. Kg4 Rb7 47. h4 Nxb3 48. Kg5 Nd4 49. Re3 Kd6 50. h5 Ne6+ 51. Kf6 Nf8 52. hxg6 Nxg6 53. Re6+ Kd7 54. f5 Rb1 55. Nb6+ Kc7 56. fxg6 hxg6 57. Nd5+ Kd7 58. Re5 Kd6 59. Rg5 Rc1 60. Rg4 Ra1 61. Nc3 Rf1+ 62. Kxg6 Rf3 63. Nb5+ Ke5 64. Rg5+ Ke4 65. Rxc5 Kd3 66. Rc8 Rf4 67. c5 Rxa4 68. Rd8+ Kc4 69. Rd4+ Kxc5 70. Rxa4 Kxb5 71. Ra1 a4 72. Kf5 Kb4 73. Ke4 Kb3 74. Kd3 a3 75. Rb1+ Ka2 76. Rb8 Ka1 77. Kc3 a2 78. Rh8 Kb1 79. Rh1# 1-0

[Event "Zlota Wieze 50"]
[Site "Pultusk"]
[Date "2008.07.01"]
[Round "2.3"]
[White "Fedorczyk, Krzysztof"]
[Black "Kudas, Damian"]
[Result "0-1"]
[WhiteElo "1619"]
[BlackElo "2031"]
[PlyCount "68"]
[EventDate "2008.06.30"]
[EventType "team"]
[EventRounds "9"]
[EventCountry "POL"]
[SourceTitle "EXT 2020"]
[Source "ChessBase"]
[SourceDate "2019.10.17"]
[SourceVersion "1"]
[SourceVersionDate "2019.10.17"]
[SourceQuality "1"]

1. e4 c5 2. Nf3 d6 3. d4 cxd4 4. Nxd4 a6 5. Nc3 e5 6. Nb3 Nf6 7. Bd3 Be6 8. 0-0 Be7 9. f4 exf4 10. Bxf4 0-0 11. Nd5 Nbd7 12. Nxe7+ Qxe7 13. Bg5 h6 14. Bh4 d5 15. exd5 Bxd5 16. Re1 Qb4 17. Bf2 Rfe8 18. a3 Rxe1+ 19. Bxe1 Qf4 20. Bd2 Qh4 21. Qe1 Qg4 22. Qe2 Qxe2 23. Bxe2 Rc8 24. Nd4 Be4 25. c3 Ne5 26. Re1 b5 27. Bf4 Re8 28. Bd1 Nd3 29. Rf1 Nxb2 30. Bb3 Bd3 31. Ra1 Ne4 32. Bc1 Nc4 33. a4 Nxc3 34. axb5 axb5 0-1